Manto kay 100 afsanay: part-1 / (Record no. 609890)

000 -LEADER
fixed length control field 00357nam a22001337a 4500
082 ## - DEWEY DECIMAL CLASSIFICATION NUMBER
Classification number 891.4393
Author Mark MAN
100 ## - MAIN ENTRY--PERSONAL NAME
Personal name Manto, Saadat Hassan
245 ## - TITLE STATEMENT
Title Manto kay 100 afsanay: part-1 /
Statement of responsibility, etc. Saadat Hassan Manto
260 ## - PUBLICATION, DISTRIBUTION, ETC.
Place of publication, distribution, etc. Lahore:
Name of publisher, distributor, etc. Mushtaq Book Corner;
Date of publication, distribution, etc. 2005.
300 ## - PHYSICAL DESCRIPTION
Extent 816p.
563 ## - BINDING INFORMATION
Binding note HB.
650 ## - SUBJECT ADDED ENTRY--TOPICAL TERM
Topical term or geographic name entry element Afsanay
-- urdu novel
942 ## - ADDED ENTRY ELEMENTS (KOHA)
Source of classification or shelving scheme
Koha item type Book
650 ## - SUBJECT ADDED ENTRY--TOPICAL TERM
-- 123823
Holdings
Withdrawn status Lost status Source of classification or shelving scheme Materials specified (bound volume or other part) Damaged status Not for loan Permanent Location Current Location Date acquired Source of acquisition Total Checkouts Full call number Barcode Checked out Date last seen Date last checked out Price effective from Koha item type
      Donated by Mr. Faizan Mansoor BEE-13 C SEECS 2021     Central Library (CL) Central Library (CL) 06/26/2024 Donation 3 891.4393 MAN CL-D-2621 01/31/2026 01/01/2026 01/01/2026 06/26/2024 Book
© 2023 Central Library, National University of Sciences and Technology. All Rights Reserved.